000 00645nam a2200265Ia 4500
003 OSt
005 20221006144334.0
006 a|||||r|||| 00| 0
007 ta
008 221006b |||||||| |||| 00| 0 eng d
020 _c
_15.20
024 _a11,448
037 _cTextual
040 _aEASL
_cEASL
_beng
041 _2eng
_aeng
082 _aU8.41.N7, L3
100 _aALLEY Rewi
_9412538
245 0 _aTravels in China 1966-71
260 _aPeking
_bNew World
_c1973
300 _a598p.
_ccm.
490 _v CEL
650 _aCEL
942 _hU8.41.N7, L3
_cTEXL
_2CC
999 _c1079534
_d1079534